01140nam a2200193Ia 4500001001100000003001000011008004100021040002500062041001300087100001900100245010100119250001100220260009000231300001200321500023900333501011400572520023900686650002100925L269-28714IT-CnALBA170116s9999||||xx |||||||||||||| ||und|| aIT-CnALBAcIT-CnALBA aITALIANO aCENCINI AMEDEO 0aVOCAZIONI. DALLA NOSTALGIA ALLA PROFEZIA. L'ANIMAZIONE VOCAZIONALE ALLA PROVA DEL RINNOVAMENTO.  a1a ed. a BOLOGNA - NAPOLIbDEHONIANE EDIZIONI c1989 [1° Ed.:1989 - Ed.Ling.Originale: 1989] a325 p.  aCAMBIAMENTO E RINNOVAMENTO DELLA VITA CONSACRATA. ANIMAZIONE VOCAZIONALE DELLA VITA CONSACRATA. SCOPERTA DEL CARISMA. REALIZZAZIONE DELLA PROPRIA UMANITÀ. SFIDA DELLA SPIRITUALITÀ. DIREZIONE SPIRITUALE E ORIENTAMENTO VOCAZIONALE.  aSocietà San Paolo EM - Piazza San Paolo, 14 - 12051 ALBA (CN) (non commercial uses only) ® Copyright 2017 aCAMBIAMENTO E RINNOVAMENTO DELLA VITA CONSACRATA. ANIMAZIONE VOCAZIONALE DELLA VITA CONSACRATA. SCOPERTA DEL CARISMA. REALIZZAZIONE DELLA PROPRIA UMANITÀ. SFIDA DELLA SPIRITUALITÀ. DIREZIONE SPIRITUALE E ORIENTAMENTO VOCAZIONALE.  aEVANGELIZZAZIONE